La ilustración desde la perspectiva de lo digital / (Registro nro. 19176)

Detalles MARC
000 -CABECERA
Campo de control 00842nam a2200241 a 4500
005 - FECHA Y HORA DE LA ULTIMA TRANSACCION
Campo de control 20191224042316.0
008 - ELEMENTOS DE LONGITUD FIJA—INFORMACION GENERAL
Campo de control 110125s2010 ck a gr 000 0dspa d
020 ## - ISBN
ISBN 9789587193787
040 ## - FUENTE DE CATALOGACIÓN
Agencia catalogadora original CO-BoBLA
Agencia transcriptora CO-BoBLA
Agencia Modificadora CO-BoIAVH
041 0# - IDIOMA
Código de idioma para texto/pista de sonido o título separado Español
044 ## - PAÍS DE PUBLICACIÓN
País de publicación Colombia
082 04 - NUMERO DE CLASIFICACION DECIMAL DEWEY
Número de clasificación 741.6
Número del ítem R48i
100 1# - ASIENTO PRINCIPAL--NOMBRE PERSONAL
Nombre personal Riaño Moncada, Carlos Martín
Término relacionado autor
9 (RLIN) 77834
245 13 - MENCION DE TITULO
Título La ilustración desde la perspectiva de lo digital /
Mención de responsabilidad Carlos Martín Riaño Moncada
260 ## - PUBLICACION, DISTRIBUCION, ETC. (PIE DE IMPRENTA)
Lugar de publicación, distribución, etc. Bogotá (Colombia) :
Nombre del editor, distribuidor, etc. Universidad Nacional de Colombia. Facultad de Artes,
Fecha de publicación, distribución, etc. 2010.
300 ## - DESCRIPCION FISICA
Extensión 97 páginas :
Otros detalles físicos ilustraciones ;
Dimensiones 21 x 14 cm.
490 0# - MENCION DE SERIE
Mención de serie Punto aparte
650 26 - ASIENTO SECUNDARIO DE MATERIA - TERMINO TEMATICO
Término temático o nombre geográfico como elemento de entrada Procesamiento digital de imágenes
9 (RLIN) 10379
650 26 - ASIENTO SECUNDARIO DE MATERIA - TERMINO TEMATICO
Término temático o nombre geográfico como elemento de entrada Formatos digitales
9 (RLIN) 77835
650 26 - ASIENTO SECUNDARIO DE MATERIA - TERMINO TEMATICO
Término temático o nombre geográfico como elemento de entrada Imágenes
9 (RLIN) 77838
650 24 - ASIENTO SECUNDARIO DE MATERIA - TERMINO TEMATICO
Término temático o nombre geográfico como elemento de entrada Sistemas multimedia
9 (RLIN) 77839
942 ## - ELEMENTOS ADICIONALES (KOHA)
Sistema de clasificación Dewey Decimal Classification
Tipo de ítem Libro
Koha issues (borrowed), all copies 3
Existencias
Withdrawn status Lost status Sistema de Clasificación Damaged status No para préstamo Colección Ubicación Permanente Ubicación actual Fecha de adquisición Total Checkouts Total Renewals Número topográfico Inventario / Código de Barras Date last seen Date checked out Ejemplar Price effective from Forma de adquisición Tipo de material
    Dewey Decimal Classification     General Bogotá Bogotá 14/12/2016 3 4 LB-741.6 R48i 040869 01/11/2017 28/09/2017 Ej. 1 14/12/2016 Canje Libro